[Event "Ruhrgebiet VK1 0910"]
[Site "Ruhrgebiet"]
[Date "2010.01.10"]
[Round "5.8"]
[White "Oelze, Achim"]
[Black "Grodotzki, Kenneth"]
[Result "0-1"]
[WhiteElo "1869"]
[BlackElo "2001"]
[PlyCount "100"]
[EventDate "2009.09.06"]
[EventType "team"]
[EventRounds "9"]
[EventCountry "GER"]
[SourceTitle "EXT 2011"]
[Source "ChessBase"]
[SourceDate "2010.11.26"]
[SourceVersion "1"]
[SourceVersionDate "2010.11.26"]
[SourceQuality "1"]
[WhiteTeam "Borbeck Weisse Dame II"]
[BlackTeam "Muelheim Nord III"]
[WhiteTeamCountry "GER"]
[BlackTeamCountry "GER"]

1. Nf3 f5 2. c4 Nf6 3. g3 d6 4. d4 g6 5. Nc3 Bg7 6. Bg2 0-0 7. 0-0 Qe8 8. d5 a5 9. Be3 Na6 10. Qd2 Ng4 11. Bd4 Bh6 12. Ng5 c5 13. Be3 Nc7 14. Bf4 Bg7 15. h4 b5 16. cxb5 Nxb5 17. Rad1 Rb8 18. f3 Ne5 19. Bxe5 Bxe5 20. f4 Bg7 21. Rfe1 h6 22. Nf3 Qf7 23. e4 fxe4 24. Nxe4 a4 25. Nf2 Nd4 26. Nh2 Nf5 27. Nf1 Rxb2 28. Qa5 Rxa2 29. Rd2 Rxd2 30. Qxd2 Bd4 31. Kh2 Bb7 32. Qa2 Bxf2 33. Qxf2 Bxd5 34. Ne3 Bxg2 35. Nxf5 Qxf5 36. Qxg2 Qf6 37. Qa2+ Kg7 38. Qxa4 g5 39. hxg5 hxg5 40. Qd7 Rf7 41. Qg4 Qf5 42. Qxf5 Rxf5 43. Rxe7+ Kf6 44. Re4 gxf4 45. gxf4 Rd5 46. Re8 Kf5 47. Rf8+ Kg4 48. Kg2 Rd2+ 49. Kf1 Rd4 50. f5 Rf4+ 0-1

[Event "Ruhrgebiet VK2 0304"]
[Site "Ruhrgebiet"]
[Date "2003.09.28"]
[Round "1.5"]
[White "Oelze, Achim"]
[Black "Brockmann, Fabian"]
[Result "0-1"]
[WhiteElo "1846"]
[BlackElo "1966"]
[PlyCount "68"]
[EventDate "2003.09.28"]
[EventType "team"]
[EventRounds "9"]
[EventCountry "GER"]
[SourceTitle "EXT 2007"]
[Source "ChessBase"]
[SourceDate "2006.11.23"]
[SourceVersion "1"]
[SourceVersionDate "2006.11.23"]
[SourceQuality "1"]
[WhiteTeam "Essen Borbeck II"]
[BlackTeam "Dortmund Hansa III"]
[WhiteTeamCountry "GER"]
[BlackTeamCountry "GER"]

1. Nf3 c5 2. c4 Nc6 3. Nc3 e5 4. e4 g6 5. g3 Bg7 6. Bg2 d6 7. d3 Nge7 8. Be3 0-0 9. Qd2 f5 10. Bh6 f4 11. Bxg7 Kxg7 12. 0-0-0 Bg4 13. Rdf1 Nd4 14. Qd1 Nec6 15. h3 Bxf3 16. Bxf3 fxg3 17. fxg3 Qg5+ 18. Kb1 Qxg3 19. Bg4 Rxf1 20. Rxf1 Rf8 21. Rxf8 Kxf8 22. a3 Qf2 23. Nd5 Kg7 24. Bc8 Na5 25. Nc3 a6 26. Bd7 Nab3 27. Bc8 Qe3 28. Nd5 Nd2+ 29. Ka2 Qxd3 30. Bxb7 Qxc4+ 31. b3 N2xb3 32. Ne3 Nc1+ 33. Kb2 Qa2+ 34. Kxc1 Nb3+ 0-1